01669nam a2200361 a 4500001001000000003000500010005001700015008004100032010001100073011001100084040000900095090001000104100004900114245019300163260004100356500006000397502012400457590004100581590004100622590004000663590004000703650004900743650005200792650005000844650002500894856007000919901000700989942001000996942000601006999001901012952013601031952014001167000108826CHAP20220329144026.0140313s2013 mx sm |||||||spa d a105288 a106260 cCHAP aTesis1 aSánchez Romero, Claudia Angélica910781110aEvaluación del plan de estudios del Doctorado en Ciencias en Educación Agrícola Superior de la Universidad Autónoma Chapingoh[En línea]cpor Claudia Angélica Sánchez Romero. aChapingo, Méx. :bEl autor,c2013. aPara ver el contenido del material haga clic en la liga aTesis (Ph. D. en Ciencias en Educación Agrícola Superior) -- UACH. Departamento de Partamento de Sociología Rural aBATCH-UPDb05c20140324lUCH01h1536 aBATCH-UPDb05c20141002lUCH01h0858 aE6096MTMb05c20140313lUCH01h1433 aE6096MTMb05c20140313lUCH01h143314aEducación agrícolaxEvaluación.93551814aEducación superiorxPlanes de estudio.93565014aEducación superiorzMéxico (Edo.).93566814aEvaluación.938913 aFinding aiduhttp://10.13.5.2/tesis/sist108826.pdfzTeclea aquí aBK cTESIS n0 c105288d105288 00104054718TESISaBCbBCd2014-03-13fTESISl0oTesisp33724002359215r2019-12-31 00:00:00w2019-12-31yTESISzRecien adquirido 00102local4053708TESISaBCbBCcPA_TESISd2014-03-13fTESISl0oTesisp33724002359256r2019-12-31 00:00:00tc.2w2019-12-31yTESIS